000 00380 a2200145 4500
040 _aDLC
_bDLC
082 _a891.4391
100 _aAdil, Nosherwan
245 _aAansoo aag bhujany nikly
_cNosherwan Adil,
260 _aTaxla:
_bAlf Lam Meem Publications,
_c2006.
300 _a144p.
_c24 cm.
500 _aIncludes Index
650 _a Urdu Poetry.
942 _cBK
_k891.4391 ADI
_2ddc
999 _c8866
_d8866